[Event "Poznan op-B 16th"]
[Site "Poznan"]
[Date "2007.07.28"]
[Round "8.37"]
[White "Polaski, Mieczyslaw"]
[Black "Stryz, Przemyslaw"]
[Result "0-1"]
[WhiteElo "1400"]
[BlackElo "1000"]
[PlyCount "70"]
[EventDate "2007.07.21"]
[EventType "swiss"]
[EventRounds "9"]
[EventCountry "POL"]
[SourceTitle "EXT 2023"]
[Source "ChessBase"]
[SourceDate "2022.10.05"]
[SourceVersion "1"]
[SourceVersionDate "2022.10.05"]
[SourceQuality "1"]

1. e4 c5 2. Nf3 Nc6 3. d4 cxd4 4. Nxd4 d6 5. Bb5 Bd7 6. Nc3 g6 7. Nxc6 bxc6 8. Bd3 Bg7 9. Be3 Rb8 10. Qc1 Nf6 11. Bxa7 Rb7 12. Bd4 Qb8 13. Rb1 c5 14. Be3 Ng4 15. 0-0 Nxe3 16. fxe3 Bxc3 17. bxc3 Rxb1 18. Qxb1 Qxb1 19. Rxb1 0-0 20. Rb7 Rd8 21. Bb5 Bxb5 22. Rxb5 Ra8 23. Rb2 Ra3 24. Kf2 Rxc3 25. Ke2 Kg7 26. Kd2 Ra3 27. c3 Kf6 28. Kd3 Ke5 29. Rf2 f6 30. g4 c4+ 31. Kxc4 Kxe4 32. Re2 Kf3 33. Kd3 e5 34. e4 Kxg4 35. Kc4 Kf3 0-1

[Event "Poznan op-B 16th"]
[Site "Poznan"]
[Date "2007.07.26"]
[Round "6.37"]
[White "Nowak, Lukasz"]
[Black "Stryz, Przemyslaw"]
[Result "0-1"]
[WhiteElo "1600"]
[BlackElo "1000"]
[PlyCount "104"]
[EventDate "2007.07.21"]
[EventType "swiss"]
[EventRounds "9"]
[EventCountry "POL"]
[SourceTitle "EXT 2023"]
[Source "ChessBase"]
[SourceDate "2022.10.05"]
[SourceVersion "1"]
[SourceVersionDate "2022.10.05"]
[SourceQuality "1"]

1. d4 Nf6 2. c4 g6 3. Nc3 Bg7 4. e4 d6 5. Nf3 0-0 6. Be2 c6 7. 0-0 Nbd7 8. Be3 e5 9. d5 h6 10. Qd2 Ng4 11. h3 Nxe3 12. Qxe3 Kh7 13. b4 c5 14. a3 f5 15. Nd2 f4 16. Qd3 b6 17. Nb5 Nf6 18. bxc5 bxc5 19. a4 a6 20. Nc3 Ng8 21. Rfb1 Qg5 22. Nf3 Qe7 23. Rb6 g5 24. Nh2 Bd7 25. Rab1 Nf6 26. Rb7 h5 27. f3 Bh6 28. Rc7 Rab8 29. Rbb7 Qd8 30. Qb1 Qxc7 31. Rxc7 Rxb1+ 32. Nxb1 Kg6 33. Nc3 Rb8 34. Bd1 Rb6 35. Nf1 g4 36. fxg4 hxg4 37. hxg4 Bxg4 38. Bxg4 Nxg4 39. Rc6 Rb3 40. Rxd6+ Kg5 41. Nd1 Ne3 42. Nfxe3 fxe3 43. Kf1 Kh5 44. Rxa6 Rd3 45. Ke2 Rd2+ 46. Ke1 Rxg2 47. Ra8 Kg4 48. Rh8 Kf3 49. Nxe3 Bxe3 50. Rh3+ Kxe4 51. d6 Kd3 52. Kf1 Rg1# 0-1

[Event "Poznan op-B 16th"]
[Site "Poznan"]
[Date "2007.07.24"]
[Round "4.34"]
[White "Checinski, Remigiusz"]
[Black "Stryz, Przemyslaw"]
[Result "1-0"]
[WhiteElo "1800"]
[BlackElo "1000"]
[PlyCount "85"]
[EventDate "2007.07.21"]
[EventType "swiss"]
[EventRounds "9"]
[EventCountry "POL"]
[SourceTitle "EXT 2023"]
[Source "ChessBase"]
[SourceDate "2022.10.05"]
[SourceVersion "1"]
[SourceVersionDate "2022.10.05"]
[SourceQuality "1"]

1. d4 Nf6 2. Nf3 d5 3. Bg5 e6 4. e3 Be7 5. c4 c6 6. Nc3 h6 7. Bh4 Nbd7 8. Bd3 0-0 9. Qc2 Nh5 10. Bxe7 Qxe7 11. 0-0 f5 12. c5 Nhf6 13. b4 Ne4 14. b5 Ndf6 15. bxc6 bxc6 16. Ne5 Bd7 17. Ng6 Qf7 18. Nxf8 Rxf8 19. f3 Nxc3 20. Qxc3 Qh5 21. Qa5 Qg5 22. f4 Qh4 23. Qe1 Qh5 24. Be2 Qg6 25. Qg3 Qxg3 26. hxg3 Ne4 27. Kh2 Ra8 28. Bd3 Kf7 29. Bxe4 fxe4 30. Rab1 Kf6 31. Rb7 Be8 32. Rfb1 g5 33. Rb8 Rxb8 34. Rxb8 Bh5 35. Rb7 a6 36. Ra7 Be2 37. a4 h5 38. Rc7 Bd1 39. Rxc6 Bxa4 40. Rxa6 Be8 41. fxg5+ Kxg5 42. Rxe6 Kf5 43. Rxe8 1-0